Представление документа в формате RUSMARC

ПолеНазваниеЗначение
  Тип записи a
  Библиографический уровень m
001 Контрольный номер a00dc04429ef454689435a1da92e2d26
005 Дата корректировки 20170424124438.0
010 Индекс ISBN __
a ISBN 978-5-8031-0166-6
d Цена 170,00
d Цена 64,18
101 Язык документа 0_
a Язык текста rus
102 Страна публикации __
a Страна публикации RU
200 Заглавие и сведения об ответственности 1_
f Первые сведения об ответственности М. А. Матушкин
f Первые сведения об ответственности Н. Ю. Шадченко
f Первые сведения об ответственности О. В. Беляева [ и др. ]
b Общее обозначение материала Текст
a Заглавие Формирование эффективной системы менеджмента в условиях несовершенства рыночных отношений
210 Выходные данные 1_
a Место издания Энгельс
c Издательство РИЦ ПКИ
d Дата издания 2015
215 Физическое описание __
a Объем 92 с.
300 Общие примечания __
a Общие примечания для научных работников, преподавателей, аспирантов и студентов вузов
610 Ключевые слова 0_
a Ключевые слова монография
a Ключевые слова логистика
a Ключевые слова бизнес-планирование
a Ключевые слова маркетинг
a Ключевые слова рыночные отношения
a Ключевые слова бакалавриат
a Ключевые слова аспирантура
686 Индексы других классификаций __
a Классификационный индекс 65.9
801 Источник записи _0
a Страна RU
b Организация РУК
g Правила каталогизации PSBO
801 Источник записи _1
a Страна RU
b Организация РУК
g Правила каталогизации PSBO
852 Данные о местонахождении __
i Авторский знак Ф 79
j Шифр хранения ББК 65.9
901 Тип документа __
t Тип документа m
937 Технологическая информация __
a Создатель записи (имя) Завалишина
938 Служебная информация __
a Название организации Поволжский филиал
952 Тип литературы __
b Гриф литературы для ВШ гриф
c Вид литературы монография